000
00294nam a22001337a 4500
020
_a
978-0134058160
041
_a
ENG
100
_a
Jenson.J.R
245
_a
Intoductory Digital Image Processing
260
_a
Delhi
_b
Andhra Un
_c
1991
300
_a
373
650
_a
FMP
856
_u
FMP (43 )
999
_c
1359
_d
1359